| 000 | 00880nam a22002297a 4500 | ||
|---|---|---|---|
| 999 |
_c2829 _d2829 |
||
| 003 | AR-CdUCM | ||
| 008 | 190305b ||||| |||| 00| 0 spa d | ||
| 020 | _a84-89293 | ||
| 040 |
_aMUNICIPALIDAD PROVINCIAL DEL CUSCO _cBIBLIOTECA MUNICIPAL DEL CUSCO |
||
| 082 |
_a382 / _bM429 |
||
| 100 |
_a Mathews, Juan Carlos _99833 |
||
| 245 | _aCasos en negocios internacionales / | ||
| 260 |
_aLima : _bUniversidad del Pacífico, _c1994. |
||
| 300 |
_a241 paginas ; _c21 cm. |
||
| 505 | _aACISA / Fernando León Ríos -- La apuesta burocrática / Eduardo Albareda del Castillo -- Caucho técnicas S.A. / Antonio Mori -- Compañía de seguros el salvador /Wilfredo Giraldo... | ||
| 650 |
_aComercio internacional _94073 |
||
| 650 |
_aExportación _99834 |
||
| 650 |
_aProceso productivo _99835 |
||
| 700 |
_aGanitsky, Joseph editores. _99836 |
||
| 942 |
_2ddc _cLIBROS |
||
| 945 | _awnts | ||